000
00207nam a22000857a 4500
008
170116b xxu||||| |||| 00| 0 eng d
100
_9
2428
_a
Sharma.N.R
245
_a
Science Lab-VII
260
_a
New Delhi
_b
LP
_c
2010
999
_c
5468
_d
5468